Esperantsko slovenský a slovensko esperantský slovník /
Gespeichert in:
| 1. Verfasser: | |
|---|---|
| Format: | Buch |
| Sprache: | Mehrsprachig |
| Veröffentlicht: |
Bratislava :
Slovenské pedagogické nakladateľstvo,
1970
|
| Ausgabe: | 1.vyd. |
| Tags: |
Keine Tags, Fügen Sie das erste Tag hinzu!
|
MARC
| LEADER | 00000nam a22000003a 4500 | ||
|---|---|---|---|
| 001 | stu6553 | ||
| 005 | 20150617225808.1 | ||
| 008 | 940907s1970----cs------------------mul-d | ||
| 040 | |a STU |b slo | ||
| 041 | 0 | |a mul | |
| 044 | |a cs | ||
| 080 | |a 801.323.2=089.2=854 | ||
| 100 | 1 | |a Seemann, Štefan R |4 aut | |
| 245 | 1 | |a Esperantsko slovenský a slovensko esperantský slovník / |c [aut.] Seemann,řtefan R | |
| 250 | |a 1.vyd. | ||
| 260 | |a Bratislava : |b Slovenské pedagogické nakladateľstvo, |c 1970 | ||
| 300 | |a 834 s | ||
| 996 | |b 284EK08327 |c E*25490 |l EE01 |s A |a 24 |w stu6553_0001 | ||